Famous Foreheads Quiz Stats

 Plays Quiz Updated Dec 16, 2018

Support Sporcle.
Go Orange.
Score 0/20 Timer 05:00
1 Play Today
# Celebrity % Correct
9Barack Obama
98.1%
6Albert Einstein
96.8%
17John F. Kennedy
94.2%
5Katy Perry
91.6%
2Steve Jobs
88.9%
10Paul McCartney
85.8%
12Eminem
85.6%
11Sarah Palin
83.6%
7Adam Sandler
83.6%
15Michael Jordan
79.6%
# Celebrity % Correct
3Neil Patrick Harris
77.2%
19Nicki Minaj
73.2%
20Zac Efron
72.6%
4Daniel Radcliffe
69.8%
8Gwyneth Paltrow
68.5%
13Johnny Depp
68.5%
14Emma Stone
66.4%
16Cee Lo Green
65.5%
18Tyra Banks
64.9%
1Christina Aguilera
61.7%

You're not logged in!

Compare scores with friends on all Sporcle quizzes.
OR
Log In
Forgot?

From the Vault

MLB Career Leaders Multiple Choice

by Hejman

Sports 4m
We're curious to know the MLB career leader in sunflower seeds consumed.
Remove Ads.
Support Sporcle.
Get the best of Sporcle when you Go Orange. This ad-free experience offers more features, more stats, and more fun while also helping to support Sporcle. Thank you for becoming a member.

Show Comments

Extras

Top Quizzes Today


Score Distribution

Your Account Isn't Verified!

In order to create a playlist on Sporcle, you need to verify the email address you used during registration. Go to your Sporcle Settings to finish the process.

Report this User

Report this user for behavior that violates our Community Guidelines.

Details: